| 000 | 01038nam a2200277Ia 4500 | ||
|---|---|---|---|
| 999 |
_c4306 _d4306 |
||
| 003 | OSt | ||
| 005 | 20200401101748.0 | ||
| 008 | 191128s2017 ck gr 000 0 spa d | ||
| 020 | _a9789585624481 | ||
| 040 |
_aCO-JMCR _cCO-JMCR |
||
| 041 | 0 | _aspa | |
| 082 | 0 | 4 |
_a070.442 / _bR618j |
| 100 | 1 |
_aRivas Díaz, Jaime, _eautor _91309 |
|
| 245 | 1 | 0 |
_aJuan Evaristo y la mancha negra sobre el río mira / _cJaime Rivas Díaz ; coordinador Juan Álvarez, Juan Cárdenas, Elizabeth Valenzuela |
| 260 |
_aBogotá : _bMinisterio de Ambiente y Desarrollo Sostenible, _c2017 |
||
| 300 |
_a15 páginas ; _c21 cm. |
||
| 490 | 0 | _aMaletín de relatos pacíficos | |
| 650 | 1 | 4 |
_aLiteratura colombiana _ySiglo XXI _91310 |
| 650 | 2 | 4 |
_aPoesía colombiana _ySiglo XXI _91311 |
| 650 | 2 | 4 |
_aCuentos colombianos _ySiglo XXI _91312 |
| 650 | 2 | 4 |
_aNovela colombiana _ySiglo XXI _91313 |
| 700 | 1 |
_aÁlvarez, Juan, _ecoordinador _91264 |
|
| 700 | 1 |
_aCárdenas, Juan, _ecoordinador _91268 |
|
| 700 | 1 |
_aValenzuela, Elizabeth, _ecoordinador _91269 |
|
| 942 |
_2ddc _cBK |
||